Hagase la prueba pap : hagalo hoy-- por su salud y su familia = Have a pap test : do it today for your health and for your family.
| Corporate Author: | |
|---|---|
| Format: | Government Document Book |
| Language: | Spanish English |
| Published: |
[Bethesda, Md.] :
Institutos Nacionales de la Salud, Instituto Nacional del Cancer,
[1999]
|
| Series: | NIH publication ;
no. 99-3211. NIH publication ; no. 99-3211 S. |
| Subjects: |
MARC
| Tag | First Indicator | Second Indicator | Subfields |
|---|---|---|---|
| LEADER | 00000cam a2200000 a 4500 | ||
| 001 | in00000006768 | ||
| 005 | 20150930090040.0 | ||
| 008 | 991026s1999 mdua f000 0 spa d | ||
| 035 | |a (OCoLC)42703712 | ||
| 035 | |9 AJL1633AM | ||
| 040 | |d GPO |d DLC |d MvI |d UtOrBLW | ||
| 041 | 1 | |a spa |a eng | |
| 049 | |a UDOC | ||
| 074 | |a 0507-G-02 | ||
| 086 | 0 | |a HE 20.3152:P 19/5/999/ENG./SPAN. | |
| 088 | |a P 757 | ||
| 245 | 0 | 0 | |a Hagase la prueba pap : |b hagalo hoy-- por su salud y su familia = Have a pap test : do it today for your health and for your family. |
| 246 | 3 | 1 | |a Have a pap test |
| 264 | 1 | |a [Bethesda, Md.] : |b Institutos Nacionales de la Salud, Instituto Nacional del Cancer, |c [1999] | |
| 300 | |a 1 folded sheet (6 pages) : |b illustrations ; |c 22 cm. | ||
| 336 | |a text |b txt |2 rdacontent | ||
| 337 | |a unmediated |b n |2 rdamedia | ||
| 338 | |a sheet |b nb |2 rdacarrier | ||
| 490 | 1 | |a Publication ; |v no. 99-3211 | |
| 490 | 1 | |a Publicación del NIH ; |v no. 99-3211S | |
| 500 | |a Shipping list number: 2000-0001-P. | ||
| 500 | |a "September 1999"--P. [6]. | ||
| 500 | |a "P 757"--P. [6]. | ||
| 500 | |a Shipping List #: 2000-0001-P | ||
| 500 | |a Shipping List Date: 10/04/1999 | ||
| 650 | 0 | |a Pap test. | |
| 650 | 0 | |a Cervix uteri |x Cancer |x Diagnosis. | |
| 710 | 2 | |a National Cancer Institute (U.S.) | |
| 830 | 0 | |a NIH publication ; |v no. 99-3211. | |
| 830 | 0 | |a NIH publication ; |v no. 99-3211 S. | |
| 999 | |a MARS | ||
| 999 | f | f | |s 9de20b9d-205e-3fb4-b689-52eb5f4ed9f3 |i d09384cb-6479-3f57-8d4b-cbee83be50c7 |t 0 |
| 952 | f | f | |p normal |a Texas A&M University |b College Station |c Sterling C. Evans Library |d Evans: US Documents (Annex 5th floor) |t 0 |e HE 20.3152:P 19/5/999/ENG./SPAN |h Superintendent of Documents classification |i unmediated -- sheet |m A14824338862 |
| 998 | f | f | |a HE 20.3152:P 19/5/999/ENG./SPAN |t 0 |l Evans: US Documents (Annex 5th floor) |